000 00424nam a2200181Ia 4500
001 15230
005 20260306165012.0
008 260306t2007||||xx |||||||||||||| ||spa||
041 _aESP
082 _a530.4
_bH439 2007
100 _aHewitt, Paul G.
_eAUT
245 0 _aFísica conceptual
260 _c2007
300 _axviii, 788 páginas :
_c26 cm.
650 _aGEN
654 _aCCN
942 _cLIB
_dJUS
_fJUS
_2ddc
_n
999 _c15230
_d15230